000 00532nam a2200157Ia 4500
008 100122s9999 xx 000 0 und d
082 _b27268
_a320.9
100 _aवाळिंबे वि स
245 _aरायबरेली व त्यानंतर
250 _a0
260 _bश्रीविद्या प्रकाशन
_c1978
300 _a180
630 _aरायबरेली व त्यानंतर
730 _aरायबरेली व त्यानंतर
942 _cBOOK
999 _c413351
_d413348